| 000 | 00716nam a22001817a 4500 | ||
|---|---|---|---|
| 003 | UA-OsUOA | ||
| 001 | 14852 | ||
| 007 | ta | ||
| 008 | 20031021b un ||||| |||| 00| 0 ukr d | ||
| 100 | _aВасилевич А. | ||
| 942 | _cSA | ||
| 040 |
_aUA-OsUOA _cUA-OsUOA _dUA-OsUOA |
||
| 245 |
_a"Про "золото" ніхто і не думав" _b[Розмова з чемпіонкою Європи з дзюдо серед кадетів рівнен. школяркою А.Василевич]/ Спілкувався С.Татаренко |
||
| 300 | _aС.18 | ||
| 955 | _a0 | ||
| 773 | 0 |
_w0 _tРівне вечірнє _dРівне _d2003 _g№66/12 верес./ |
|
| 650 | 7 |
_aВасилевич А. _2UDC |
|
| 999 |
_c301016 _d301016 |
||